000 00757nam a2200253 a 4500
001 BRL_600
005 20190320210821.0
008 100913s1985----mx-#######---#000-0#spa-#
020 _a9686011030
041 _aspa
044 _amx
050 4 _aLB1033
_b.D53 1985
245 1 0 _aDiálogo e interacción en proceso pedagógico
_cantología preparada por Alicia Molina.
260 _aMéxico
_bEdiciones El Caballito; SEP Cultura
_c1985
300 _a156 p.
_c21 cm.
500 _aEstado físico: presenta hojas sueltas
500 _aAu716
650 1 4 _aComunicación en educación
_924401
650 1 4 _aEducación
_924402
700 1 _aMolina, Alicia
_924403
710 2 _aSecretaría de Educación Publica
_924404
902 _aGRL
942 _2lcc
_cB
999 _c9412
_d9412